| 000 | 00357 a2200169 4500 | ||
|---|---|---|---|
| 001 | 70105 | ||
| 020 | _a8508019556 | ||
| 040 | _cAnchieta - Itaigara | ||
| 100 | _aJunqueira, Sônia | ||
| 240 | 1 | 0 |
_aO pato e o sapo _lpor |
| 245 | 1 | 0 | _aO pato e o sapo |
| 300 | _a24 | ||
| 362 | 0 | _a2005 | |
| 440 | 1 | _aÁtica | |
| 650 | 4 | _aLiteratura infantil | |
| 942 | _cBK | ||
| 999 |
_c70105 _d70105 |
||